[Event "Leyland op"]
[Site "Leyland"]
[Date "2019.08.26"]
[Round "6"]
[White "Peacock, Malcolm R"]
[Black "Jones, Steven"]
[Result "1/2-1/2"]
[WhiteElo "2024"]
[BlackElo "2117"]
[PlyCount "66"]
[EventDate "2019.08.24"]
[EventType "swiss"]
[EventRounds "6"]
[EventCountry "ENG"]
[SourceTitle "EXT 2020"]
[Source "ChessBase"]
[SourceDate "2019.10.17"]
[SourceVersion "1"]
[SourceVersionDate "2019.10.17"]
[SourceQuality "1"]

1. c4 e5 2. g3 Nf6 3. Bg2 d5 4. cxd5 Nxd5 5. Nf3 Nc6 6. 0-0 Nb6 7. d3 Be7 8. Nbd2 g5 9. d4 exd4 10. Nb3 0-0 11. Nbxd4 Nxd4 12. Nxd4 Bf6 13. Nb5 Qe7 14. Qc2 c6 15. Nc3 Kg7 16. Kh1 Rd8 17. e4 g4 18. Bf4 Be5 19. Bxe5+ Qxe5 20. f4 gxf3 21. Rxf3 Nc4 22. b3 Na3 23. Qc1 Bg4 24. Rf4 h5 25. Qxa3 Qxc3 26. Raf1 Rd7 27. h3 Be6 28. R4f3 Qe5 29. Qc1 Rad8 30. Qf4 Qxf4 31. gxf4 f5 32. Rg3+ Kh6 33. e5 Rd1 1/2-1/2

[Event "BCF-chT2 1718 (4NCL) Promotion pool"]
[Site "England"]
[Date "2018.05.07"]
[Round "11.27"]
[White "Peacock, Malcolm R"]
[Black "Pein, Jonathan"]
[Result "1/2-1/2"]
[WhiteElo "2080"]
[BlackElo "2133"]
[PlyCount "56"]
[EventDate "2017.11.11"]
[EventType "team-tourn"]
[EventRounds "11"]
[EventCountry "ENG"]
[SourceTitle "EXT 2020"]
[Source "ChessBase"]
[SourceDate "2019.10.17"]
[SourceVersion "1"]
[SourceVersionDate "2019.10.17"]
[SourceQuality "1"]
[WhiteTeam "Manchester Manticores"]
[BlackTeam "Wood Green Monarchs"]
[WhiteTeamCountry "ENG"]
[BlackTeamCountry "ENG"]

1. c4 e5 2. g3 Nf6 3. Bg2 d5 4. cxd5 Nxd5 5. Nf3 Nc6 6. 0-0 Nb6 7. d3 Be7 8. Nbd2 g5 9. b3 g4 10. Ne1 h5 11. Bb2 f6 12. Nc2 h4 13. Re1 hxg3 14. hxg3 Be6 15. Nf1 Qd7 16. d4 exd4 17. Nxd4 Nxd4 18. Qxd4 Qxd4 19. Bxd4 0-0-0 20. Rad1 Rd7 21. Ne3 Rhd8 22. Bxb6 Rxd1 23. Rxd1 Rxd1+ 24. Nxd1 axb6 25. Kf1 c6 26. Be4 Bc5 27. f4 Kc7 28. e3 Kd6 1/2-1/2

[Event "BCF-chT2b 1718 (4NCL)"]
[Site "England"]
[Date "2018.02.11"]
[Round "6.85"]
[White "Spencer, Douglas"]
[Black "Peacock, Malcolm R"]
[Result "1/2-1/2"]
[WhiteElo "2010"]
[BlackElo "2117"]
[PlyCount "47"]
[EventDate "2017.11.11"]
[EventType "team-tourn"]
[EventRounds "7"]
[EventCountry "ENG"]
[SourceTitle "EXT 2020"]
[Source "ChessBase"]
[SourceDate "2019.10.17"]
[SourceVersion "1"]
[SourceVersionDate "2019.10.17"]
[SourceQuality "1"]
[WhiteTeam "West is Best II"]
[BlackTeam "Manchester Manticores"]
[WhiteTeamCountry "WLS"]
[BlackTeamCountry "ENG"]

1. d4 c5 2. c3 e6 3. Nf3 Nf6 4. Bf4 Nc6 5. e3 d5 6. Nbd2 Bd6 7. Bg3 Bxg3 8. hxg3 Qd6 9. Qc2 Bd7 10. Be2 Rc8 11. 0-0 0-0 12. Rad1 Rfd8 13. Rfe1 e5 14. dxe5 Nxe5 15. Nxe5 Qxe5 16. Nf3 Qe8 17. c4 Bc6 18. Qf5 Qe4 19. Bd3 Qxf5 20. Bxf5 Rb8 21. Ne5 g6 22. Bd3 Be8 23. Be2 dxc4 24. Bxc4 1/2-1/2

[Event "BCF-chT2b 1718 (4NCL)"]
[Site "England"]
[Date "2018.01.14"]
[Round "4.67"]
[White "Peacock, Malcolm R"]
[Black "Baruch, Andrew JD"]
[Result "1/2-1/2"]
[WhiteElo "2117"]
[BlackElo "2089"]
[PlyCount "48"]
[EventDate "2017.11.11"]
[EventType "team-tourn"]
[EventRounds "7"]
[EventCountry "ENG"]
[SourceTitle "EXT 2020"]
[Source "ChessBase"]
[SourceDate "2019.10.17"]
[SourceVersion "1"]
[SourceVersionDate "2019.10.17"]
[SourceQuality "1"]
[WhiteTeam "Manchester Manticores"]
[BlackTeam "Warwicks Select"]
[WhiteTeamCountry "ENG"]
[BlackTeamCountry "ENG"]

1. c4 g6 2. g3 Bg7 3. Bg2 d6 4. Nc3 c5 5. a3 Nc6 6. Rb1 Rb8 7. b4 Bf5 8. e4 Bd7 9. Nd5 Nd4 10. Nf3 e6 11. Nf4 Ne7 12. Nxd4 cxd4 13. d3 e5 14. Ne2 b5 15. cxb5 Bxb5 16. 0-0 Qd7 17. Bb2 0-0 18. f4 Rfc8 19. Qd2 Bh6 20. Rfc1 d5 21. Rxc8+ Rxc8 22. Rc1 dxe4 23. dxe4 Rxc1+ 24. Nxc1 Nc6 1/2-1/2

[Event "BCF-ch Seniors 50"]
[Site "Llandudno"]
[Date "2017.08.03"]
[Round "5"]
[White "Clucas, Reg P"]
[Black "Peacock, Malcolm R"]
[Result "0-1"]
[WhiteElo "1950"]
[BlackElo "2051"]
[PlyCount "111"]
[EventDate "2017.07.30"]
[EventType "swiss"]
[EventRounds "7"]
[EventCountry "WLS"]
[SourceTitle "CBM 179 Extra"]
[Source "ChessBase"]
[SourceDate "2017.08.23"]
[SourceVersion "1"]
[SourceVersionDate "2017.08.23"]
[SourceQuality "1"]

1. e4 e6 2. d4 d5 3. Nd2 Nf6 4. e5 Nfd7 5. Bd3 c5 6. c3 Nc6 7. Ne2 cxd4 8. cxd4 f6 9. exf6 Nxf6 10. Nf3 Bd6 11. 0-0 0-0 12. Bf4 Nh5 13. Bxd6 Qxd6 14. Ng3 Nf4 15. a3 Bd7 16. Re1 Rf6 17. Bf1 Raf8 18. Ne5 Be8 19. Ng4 R6f7 20. f3 h5 21. Ne5 Nxe5 22. Rxe5 h4 23. Ne2 Qb6 24. Qd2 h3 25. g3 Ng6 26. Re3 Rxf3 27. Rxf3 Rxf3 28. Bxh3 Bb5 29. Rd1 Rd3 30. Qc2 Rxd1+ 31. Qxd1 e5 32. Bg4 Bxe2 33. Bxe2 e4 34. Qd2 Ne5 35. Kf2 Nc6 36. Ke3 Qd8 37. h4 Qd6 38. Qe1 Qh6+ 39. Kf2 Nxd4 40. Qa5 Qf6+ 41. Ke1 Qd6 42. Qc3 Nc6 43. Bg4 Kf7 44. Qb3 b6 45. Bc8 Ne7 46. Bg4 Qc5 47. Kf1 Qc1+ 48. Ke2 Kf6 49. Kf2 Qc5+ 50. Ke2 Nc6 51. Kd2 Na5 52. Qd1 Nc4+ 53. Ke2 Qe3+ 54. Kf1 Ke5 55. Qc2 Qxg3 56. Be2 0-1

[Event "BCF-ch Seniors 50"]
[Site "Llandudno"]
[Date "2017.08.01"]
[Round "3"]
[White "Littlewood, Paul E"]
[Black "Peacock, Malcolm R"]
[Result "1-0"]
[WhiteElo "2361"]
[BlackElo "2051"]
[PlyCount "73"]
[EventDate "2017.07.30"]
[EventType "swiss"]
[EventRounds "7"]
[EventCountry "WLS"]
[SourceTitle "CBM 179 Extra"]
[Source "ChessBase"]
[SourceDate "2017.08.23"]
[SourceVersion "1"]
[SourceVersionDate "2017.08.23"]
[SourceQuality "1"]

1. d4 Nf6 2. Nf3 c5 3. d5 d6 4. Nc3 e5 5. e4 Be7 6. Be2 Nbd7 7. 0-0 a6 8. a4 0-0 9. Nd2 Ne8 10. Nc4 Bg5 11. a5 g6 12. Ra3 Kh8 13. Bxg5 Qxg5 14. Qc1 Qe7 15. Rb3 Rb8 16. Qh6 Ndf6 17. Qh4 Nxd5 18. Qxe7 Nxe7 19. Rb6 Be6 20. Nxd6 Nxd6 21. Rxd6 Nc6 22. Na4 Nd4 23. Bd1 Rbc8 24. f4 Bc4 25. Rf2 exf4 26. Nb6 Be6 27. Nxc8 Rxc8 28. Rxf4 Nc6 29. Bg4 Bxg4 30. Rxg4 Rc7 31. Rg5 Nxa5 32. Rgd5 Kg7 33. Rd7 Rxd7 34. Rxd7 Kf6 35. Rd5 Ke6 36. Rxc5 b6 37. Rc7 1-0

[Event "BCF-ch Seniors 50"]
[Site "Llandudno"]
[Date "2017.07.31"]
[Round "2"]
[White "Peacock, Malcolm R"]
[Black "Brooks, Phil J"]
[Result "0-1"]
[WhiteElo "2051"]
[BlackElo "2191"]
[PlyCount "76"]
[EventDate "2017.07.30"]
[EventType "swiss"]
[EventRounds "7"]
[EventCountry "WLS"]
[SourceTitle "CBM 179 Extra"]
[Source "ChessBase"]
[SourceDate "2017.08.23"]
[SourceVersion "1"]
[SourceVersionDate "2017.08.23"]
[SourceQuality "1"]

1. c4 e6 2. g3 d5 3. Bg2 dxc4 4. Na3 Nd7 5. Nxc4 Nb6 6. Nxb6 axb6 7. Nf3 Bd6 8. d4 Bd7 9. Ne5 Bxe5 10. dxe5 Bc6 11. Bxc6+ bxc6 12. Qc2 Ne7 13. 0-0 h6 14. Rd1 Qc8 15. e4 0-0 16. f4 Rd8 17. Rxd8+ Qxd8 18. Be3 c5 19. Rd1 Qe8 20. b4 Ra3 21. Bc1 Qa4 22. Qxa4 Rxa4 23. bxc5 Rxe4 24. cxb6 cxb6 25. Ba3 Nd5 26. Bd6 Re2 27. a3 Rc2 28. Rb1 Kh7 29. Rb5 Kg6 30. g4 Rc4 31. f5+ Kg5 32. h3 Rc3 33. Kf2 Rxh3 34. Rxd5 exd5 35. Bc7 Rxa3 36. Bd8+ Kxg4 37. e6 fxe6 38. fxe6 Ra4 0-1

[Event "BCF-chT3N 1617 (4NCL)"]
[Site "England"]
[Date "2017.04.29"]
[Round "9.16"]
[White "Trueman, Glenn"]
[Black "Peacock, Malcolm R"]
[Result "0-1"]
[WhiteElo "1982"]
[BlackElo "2125"]
[PlyCount "74"]
[EventDate "2016.11.26"]
[EventType "team-swiss"]
[EventRounds "11"]
[EventCountry "ENG"]
[SourceTitle "EXT 2019"]
[Source "ChessBase"]
[SourceDate "2018.10.10"]
[SourceVersion "1"]
[SourceVersionDate "2018.10.10"]
[SourceQuality "1"]
[WhiteTeam "Manchester Manticores II"]
[BlackTeam "Manchester Manticores"]
[WhiteTeamCountry "ENG"]
[BlackTeamCountry "ENG"]

1. d4 c5 2. d5 e5 3. e4 d6 4. Nc3 Be7 5. Nf3 Nf6 6. Bb5+ Nbd7 7. a4 0-0 8. 0-0 a6 9. Be2 Ne8 10. a5 g6 11. Bh6 Ng7 12. Qd2 Nf6 13. h3 Kh8 14. Rfe1 Ng8 15. Bxg7+ Kxg7 16. Na4 f5 17. exf5 gxf5 18. Nb6 Rb8 19. Nh2 Nf6 20. c3 Kh8 21. b4 Rg8 22. Nxc8 Rxc8 23. Bd3 Qd7 24. Bc2 cxb4 25. cxb4 Rc4 26. Ba4 Qc8 27. Rac1 Ne4 28. Qb2 Bh4 29. g3 Bxg3 30. fxg3 Rxg3+ 31. Kf1 Qg8 32. Rxc4 Rg1+ 33. Ke2 Rg2+ 34. Kd1 Rxb2 35. Nf3 Nf2+ 36. Kc1 Nd3+ 37. Kd1 Nxe1 0-1

[Event "BCF-chT3N 1617 (4NCL)"]
[Site "England"]
[Date "2017.03.19"]
[Round "8.14"]
[White "Rita, Joao Candido"]
[Black "Peacock, Malcolm R"]
[Result "1-0"]
[WhiteElo "1892"]
[BlackElo "2125"]
[PlyCount "73"]
[EventDate "2016.11.26"]
[EventType "team-swiss"]
[EventRounds "11"]
[EventCountry "ENG"]
[SourceTitle "EXT 2019"]
[Source "ChessBase"]
[SourceDate "2018.10.10"]
[SourceVersion "1"]
[SourceVersionDate "2018.10.10"]
[SourceQuality "1"]
[WhiteTeam "3CS Oldham II"]
[BlackTeam "Manchester Manticores"]
[WhiteTeamCountry "ENG"]
[BlackTeamCountry "ENG"]

1. e4 e6 2. d3 c5 3. Nf3 Nc6 4. g3 g6 5. Bg2 Bg7 6. 0-0 Nge7 7. Re1 0-0 8. h4 h6 9. Nbd2 d6 10. a4 Kh7 11. Nc4 e5 12. Nh2 Be6 13. c3 Qd7 14. f4 exf4 15. Bxf4 d5 16. Nd6 dxe4 17. dxe4 Ne5 18. Nf3 N7c6 19. Nb5 Rfd8 20. Nxe5 Nxe5 21. Qxd7 Rxd7 22. Red1 Rxd1+ 23. Rxd1 Bb3 24. Ra1 a6 25. Nc7 Rd8 26. Nd5 Nd3 27. Bc7 Re8 28. Ba5 c4 29. Rf1 Kg8 30. Nf6+ Bxf6 31. Rxf6 Bxa4 32. e5 Rxe5 33. Bc7 Re1+ 34. Kh2 Ne5 35. Rd6 Bc6 36. Ba5 Bxg2 37. Kxg2 1-0

[Event "GBR-ch 102nd"]
[Site "Coventry"]
[Date "2015.08.06"]
[Round "10"]
[White "Peacock, Malcolm R"]
[Black "Shepherd, Katherine M"]
[Result "1-0"]
[WhiteElo "2123"]
[BlackElo "1864"]
[PlyCount "141"]
[EventDate "2015.07.27"]
[EventType "swiss"]
[EventRounds "11"]
[EventCountry "ENG"]
[SourceTitle "CBM 167 Extra"]
[Source "ChessBase"]
[SourceDate "2015.09.14"]
[SourceVersion "1"]
[SourceVersionDate "2015.09.14"]
[SourceQuality "1"]

1. c4 Nf6 2. g3 c6 3. Bg2 d5 4. Nf3 Bg4 5. Ne5 Be6 6. cxd5 Bxd5 7. Nf3 c5 8. Nc3 Bc6 9. 0-0 Nbd7 10. d4 e6 11. Bf4 Be7 12. dxc5 Nxc5 13. Qc2 0-0 14. b4 Ncd7 15. b5 Bd5 16. e4 Rc8 17. Ne5 Bb4 18. Nxd7 Qxd7 19. exd5 Bxc3 20. Rad1 Nxd5 21. Qb3 Rfd8 22. Rd3 Rc5 23. Bxd5 Bf6 24. Be4 Qxb5 25. Rxd8+ Bxd8 26. Be3 Qxb3 27. axb3 Rb5 28. Rc1 Kf8 29. Bc2 Bb6 30. Bxb6 Rxb6 31. Rd1 Ke7 32. Kf1 Rc6 33. Be4 Rc3 34. Rd3 Rxd3 35. Bxd3 h6 36. Ke2 Kd6 37. Kd2 Kc5 38. Kc3 a5 39. Bh7 e5 40. Be4 b5 41. g4 g6 42. h4 Kd6 43. Bd3 Kc5 44. f3 Kc6 45. Kd2 Kc5 46. Ke3 a4 47. bxa4 bxa4 48. Ke4 a3 49. Bb1 f5+ 50. gxf5 gxf5+ 51. Kxe5 h5 52. Kxf5 Kd4 53. f4 Kd5 54. Ba2+ Kd6 55. Kf6 Kd7 56. f5 Ke8 57. Kg7 Ke7 58. f6+ Kd6 59. f7 Ke5 60. f8Q Kd4 61. Kf6 Kc3 62. Qxa3+ Kd4 63. Qd6+ Ke3 64. Ke5 Kf3 65. Qd4 Kg3 66. Be6 Kf3 67. Qd3+ Kf2 68. Kf4 Kg2 69. Qc2+ Kg1 70. Kg3 Kf1 71. Qf2# 1-0

[Event "GBR-ch 102nd"]
[Site "Coventry"]
[Date "2015.08.04"]
[Round "8"]
[White "Peacock, Malcolm R"]
[Black "Lentzos, Ioanis"]
[Result "1/2-1/2"]
[WhiteElo "2123"]
[BlackElo "2019"]
[PlyCount "46"]
[EventDate "2015.07.27"]
[EventType "swiss"]
[EventRounds "11"]
[EventCountry "ENG"]
[SourceTitle "CBM 167 Extra"]
[Source "ChessBase"]
[SourceDate "2015.09.14"]
[SourceVersion "1"]
[SourceVersionDate "2015.09.14"]
[SourceQuality "1"]

1. c4 c5 2. g3 Nc6 3. Bg2 g6 4. Nc3 Bg7 5. a3 d6 6. Rb1 a5 7. Nf3 e5 8. 0-0 Nge7 9. d3 0-0 10. Ne1 Be6 11. Nd5 Rb8 12. Nc2 b5 13. Nce3 f5 14. f4 exf4 15. Nxf4 Bf7 16. Ned5 Re8 17. cxb5 Rxb5 18. Qa4 Qb8 19. Nc7 Qxc7 20. Qxb5 Rb8 21. Qa6 Rb6 22. Qa8+ Rb8 23. Qa6 Rb6 1/2-1/2

[Event "GBR-ch 102nd"]
[Site "Coventry"]
[Date "2015.08.01"]
[Round "6"]
[White "Peacock, Malcolm R"]
[Black "Ilett, Raymond"]
[Result "1/2-1/2"]
[WhiteElo "2123"]
[BlackElo "1886"]
[PlyCount "60"]
[EventDate "2015.07.27"]
[EventType "swiss"]
[EventRounds "11"]
[EventCountry "ENG"]
[SourceTitle "CBM 167 Extra"]
[Source "ChessBase"]
[SourceDate "2015.09.14"]
[SourceVersion "1"]
[SourceVersionDate "2015.09.14"]
[SourceQuality "1"]

1. c4 Nf6 2. g3 c6 3. Bg2 d5 4. Nf3 Bf5 5. b3 e6 6. 0-0 Be7 7. d3 Nbd7 8. Bb2 0-0 9. Nbd2 h6 10. Rc1 a5 11. a3 Qb6 12. d4 Ne4 13. c5 Qc7 14. Ne5 Nexc5 15. Nxc6 bxc6 16. dxc5 Nxc5 17. Bd4 Ne4 18. Nxe4 dxe4 19. Bc5 Rfd8 20. Qc2 Bxc5 21. Qxc5 Rab8 22. b4 axb4 23. axb4 Rd5 24. Qxc6 Qxc6 25. Rxc6 Rdb5 26. h3 g5 27. g4 Bg6 28. Rfc1 Rxb4 29. e3 Kg7 30. Kh2 Rb2 1/2-1/2

[Event "GBR-ch 102nd"]
[Site "Coventry"]
[Date "2015.07.30"]
[Round "4"]
[White "Peacock, Malcolm R"]
[Black "Garnett, John S"]
[Result "1-0"]
[WhiteElo "2123"]
[BlackElo "1984"]
[PlyCount "117"]
[EventDate "2015.07.27"]
[EventType "swiss"]
[EventRounds "11"]
[EventCountry "ENG"]
[SourceTitle "CBM 167 Extra"]
[Source "ChessBase"]
[SourceDate "2015.09.14"]
[SourceVersion "1"]
[SourceVersionDate "2015.09.14"]
[SourceQuality "1"]

1. c4 e5 2. g3 Nc6 3. Bg2 g6 4. Nc3 Bg7 5. e4 d6 6. Nge2 f5 7. d3 Nf6 8. 0-0 0-0 9. Nd5 Ne7 10. Nxf6+ Bxf6 11. Be3 c6 12. Rc1 Be6 13. d4 d5 14. exd5 cxd5 15. dxe5 Bxe5 16. Bg5 Bf4 17. Nxf4 Bd7 18. Bf6 Rxf6 19. Qd4 Nc6 20. Qxd5+ Kh8 21. Rcd1 Be8 22. Qxd8 Nxd8 23. Nd5 Rf7 24. Rfe1 Nc6 25. Rd2 Kg7 26. f4 Rd8 27. b3 Kf8 28. Rde2 a5 29. Kf2 Nd4 30. Re7 Nc6 31. Rxf7+ Bxf7 32. Re2 Nd4 33. Rd2 Ne6 34. Ke1 Nc5 35. Kd1 h6 36. Nc7 Rxd2+ 37. Kxd2 a4 38. b4 Ne4+ 39. Bxe4 fxe4 40. Nd5 b5 41. Ke3 bxc4 42. Nc3 a3 43. Kxe4 Ke7 44. Kd4 Kd6 45. Nb5+ Kc6 46. Nxa3 c3 47. Kxc3 Bxa2 48. Kd4 Be6 49. Ke5 Bf5 50. Nc4 h5 51. h4 Bd3 52. Nd6 Bc2 53. Nf7 Kb5 54. Kf6 Kxb4 55. Ne5 Kc5 56. Nxg6 Kd4 57. Kg5 Bd1 58. f5 Ke4 59. Nf4 1-0

[Event "Blackpool op 39th"]
[Site "Blackpool"]
[Date "2015.03.06"]
[Round "1"]
[White "Walker, David John"]
[Black "Peacock, Malcolm R"]
[Result "1/2-1/2"]
[WhiteElo "2294"]
[BlackElo "2123"]
[PlyCount "94"]
[EventDate "2015.03.06"]
[EventType "swiss"]
[EventRounds "5"]
[EventCountry "ENG"]
[SourceTitle "CBM 165 Extra"]
[Source "ChessBase"]
[SourceDate "2015.04.21"]
[SourceVersion "1"]
[SourceVersionDate "2015.04.21"]
[SourceQuality "1"]

1. c4 Nf6 2. g3 c5 3. Bg2 g6 4. Nc3 Bg7 5. Nf3 Nc6 6. d4 cxd4 7. Nxd4 0-0 8. 0-0 Ng4 9. e3 d6 10. h3 Nge5 11. b3 Nxd4 12. exd4 Nc6 13. Be3 Bf5 14. Rc1 Qa5 15. Qd2 Rfe8 16. Rfd1 Rac8 17. d5 Nb8 18. Nb5 Qxd2 19. Rxd2 a6 20. Nd4 Bd7 21. b4 Rc7 22. Nb3 Ba4 23. Bb6 Rcc8 24. Na5 Nd7 25. Be3 Rc7 26. Bd4 Bxd4 27. Rxd4 Rec8 28. Re1 Kf8 29. Re3 Nb6 30. Bf1 Bd7 31. g4 e6 32. dxe6 Bxe6 33. Rxd6 Nxc4 34. Rdxe6 fxe6 35. Nxc4 Rxc4 36. Bxc4 Rxc4 37. a3 Ke7 38. Kg2 Rd4 39. Kg3 Kd6 40. f4 Rd5 41. Kh4 h6 42. Rf3 Rd4 43. Kg3 Rd5 44. Rc3 Rd1 45. Kf3 g5 46. fxg5 hxg5 47. Ke2 Rd5 1/2-1/2

[Event "Blackpool op 38th"]
[Site "Blackpool"]
[Date "2014.03.08"]
[Round "2"]
[White "Peacock, Malcolm R"]
[Black "Fernandez, Daniel Howard"]
[Result "0-1"]
[WhiteElo "2108"]
[BlackElo "2373"]
[PlyCount "106"]
[EventDate "2014.03.07"]
[EventType "swiss"]
[EventRounds "5"]
[EventCountry "ENG"]
[SourceTitle "CBM 159 Extra"]
[Source "ChessBase"]
[SourceDate "2014.04.24"]
[SourceVersion "1"]
[SourceVersionDate "2014.04.24"]
[SourceQuality "1"]

1. c4 Nf6 2. g3 h5 3. Nf3 b6 4. Bg2 Bb7 5. d3 g6 6. Nc3 Bg7 7. Bg5 0-0 8. Qd2 c5 9. h3 Nc6 10. e4 Nh7 11. Bh6 e5 12. Nd5 d6 13. 0-0 Re8 14. Bxg7 Kxg7 15. Kh2 Nf8 16. Ng1 h4 17. Nf3 hxg3+ 18. fxg3 Ne6 19. Rf2 Ncd4 20. Nf6 Qxf6 21. Nxd4 Qe7 22. Nf5+ gxf5 23. exf5 f6 24. Bxb7 Qxb7 25. fxe6 Rxe6 26. Qe2 Rh8 27. Qg4+ Kf7 28. Raf1 Rh6 29. Rf5 Qa8 30. Rh5 Qh8 31. Rxh6 Qxh6 32. Qf3 Qg6 33. h4 e4 34. dxe4 Qxe4 35. Qh5+ Kg7 36. Kh3 Re5 37. Qg4+ Qxg4+ 38. Kxg4 d5 39. cxd5 Rxd5 40. Rf2 c4 41. Re2 Kg6 42. Kf4 Rf5+ 43. Ke3 Re5+ 44. Kf3 Ra5 45. a3 c3 46. bxc3 Rxa3 47. Re3 a5 48. Ke4 Ra1 49. Kd4 a4 50. g4 Rh1 51. h5+ Kg5 52. Re6 a3 53. Re1 Rxe1 0-1

[Event "Leyland op"]
[Site "Leyland"]
[Date "2013.08.26"]
[Round "6"]
[White "Peacock, Malcolm R"]
[Black "Wareing, John P"]
[Result "1-0"]
[WhiteElo "2119"]
[BlackElo "1936"]
[PlyCount "53"]
[EventDate "2013.08.24"]
[EventType "swiss"]
[EventRounds "6"]
[EventCountry "ENG"]
[SourceTitle "CBM 156 Extra"]
[Source "ChessBase"]
[SourceDate "2013.10.22"]
[SourceVersion "1"]
[SourceVersionDate "2013.10.22"]
[SourceQuality "1"]

1. c4 e6 2. g3 d5 3. Bg2 Nf6 4. Nf3 Nbd7 5. b3 Bd6 6. 0-0 0-0 7. Bb2 c6 8. Nc3 Re8 9. d4 b6 10. Qc2 Bb7 11. e4 dxe4 12. Ng5 Bf8 13. Ngxe4 Nxe4 14. Nxe4 f5 15. Nd2 Qc7 16. Rfe1 c5 17. d5 exd5 18. cxd5 f4 19. Ne4 fxg3 20. hxg3 h6 21. d6 Bxd6 22. Nxd6 Rxe1+ 23. Rxe1 Bxg2 24. Qc4+ Kh7 25. Qf7 Rg8 26. Qf5+ Kh8 27. Nf7# 1-0

[Event "Blackpool op 34th"]
[Site "Blackpool"]
[Date "2010.03.05"]
[Round "5"]
[White "Peacock, Malcolm R"]
[Black "Burrows, Martin P"]
[Result "1/2-1/2"]
[WhiteElo "2108"]
[BlackElo "2209"]
[PlyCount "91"]
[EventDate "2010.03.01"]
[EventType "swiss"]
[EventRounds "5"]
[EventCountry "ENG"]
[SourceTitle "CBM 135 Extra"]
[Source "ChessBase"]
[SourceDate "2010.05.04"]
[SourceVersion "1"]
[SourceVersionDate "2010.05.04"]
[SourceQuality "1"]

1. c4 Nf6 2. g3 e6 3. Bg2 d5 4. Nf3 dxc4 5. Qa4+ Nbd7 6. 0-0 c5 7. Qxc4 Be7 8. b3 a6 9. Bb2 b5 10. Qc2 Bb7 11. Nc3 0-0 12. a4 Qb6 13. Rfd1 Rac8 14. d3 Bc6 15. axb5 axb5 16. e3 Qb7 17. Qe2 Rfd8 18. e4 e5 19. Nb1 Qc7 20. Nbd2 Bf8 21. Nf1 Re8 22. Ne3 g6 23. h4 Bg7 24. Bh3 Ra8 25. Rdc1 Rxa1 26. Rxa1 Ra8 27. Rxa8+ Bxa8 28. Qc2 Qd6 29. Qc3 Bc6 30. Qa5 Qxd3 31. Nxe5 Nxe5 32. Bxe5 Qxe4 33. Bg2 Qxe5 34. Bxc6 b4 35. Qd8+ Bf8 36. Kg2 Kg7 37. Qd3 Qd4 38. Qc2 Bd6 39. Qe2 Qc3 40. Qd1 Qd4 41. Qf3 Be5 42. Bb5 Qc3 43. Bc4 Bd4 44. Qb7 h5 45. Qxf7+ Kh8 46. Qf8+ 1/2-1/2

[Event "Blackpool op 34th"]
[Site "Blackpool"]
[Date "2010.03.02"]
[Round "2"]
[White "Haslinger, Stewart"]
[Black "Peacock, Malcolm R"]
[Result "1-0"]
[WhiteElo "2538"]
[BlackElo "2108"]
[PlyCount "77"]
[EventDate "2010.03.01"]
[EventType "swiss"]
[EventRounds "5"]
[EventCountry "ENG"]
[SourceTitle "CBM 135 Extra"]
[Source "ChessBase"]
[SourceDate "2010.05.04"]
[SourceVersion "1"]
[SourceVersionDate "2010.05.04"]
[SourceQuality "1"]

1. e4 e6 2. d4 d5 3. Nd2 Nf6 4. e5 Nfd7 5. c3 c5 6. Bd3 b6 7. Nh3 Ba6 8. Bxa6 Nxa6 9. 0-0 Nc7 10. Re1 Qc8 11. Nf1 Qa6 12. Ng3 Be7 13. Qg4 g6 14. Bh6 0-0-0 15. Qf4 f5 16. exf6 Bxf6 17. Ng5 Bxg5 18. Bxg5 Rdf8 19. Qd6 Rf7 20. a4 Re8 21. a5 b5 22. dxc5 Qxd6 23. cxd6 Na6 24. Rad1 Nac5 25. Rxd5 Ref8 26. Rd2 Nb3 27. Rde2 Ndc5 28. Rd1 Kd7 29. Re5 Rc8 30. Be3 a6 31. Bxc5 Nxc5 32. Ne4 Nxe4 33. Rxe4 Rc6 34. Red4 e5 35. Rd5 Rf6 36. Rxe5 Rfxd6 37. Red5 Rxd5 38. Rxd5+ Ke6 39. Rd4 1-0

[Event "EU Union-ch 4th"]
[Site "Liverpool"]
[Date "2008.09.16"]
[Round "8"]
[White "Radovanovic, Jovica"]
[Black "Peacock, Malcolm R"]
[Result "1-0"]
[WhiteElo "2325"]
[BlackElo "2101"]
[PlyCount "61"]
[EventDate "2008.09.09"]
[EventType "swiss"]
[EventRounds "10"]
[EventCountry "ENG"]
[SourceTitle "CBM 126 Extra"]
[Source "ChessBase"]
[SourceDate "2008.11.05"]
[SourceVersion "1"]
[SourceVersionDate "2008.11.05"]
[SourceQuality "1"]

1. e4 e6 2. d4 d5 3. Nd2 Nf6 4. e5 Nfd7 5. c3 c5 6. Bd3 b6 7. Nh3 Ba6 8. Bxa6 Nxa6 9. 0-0 Qc8 10. a3 c4 11. f4 f5 12. exf6 Nxf6 13. Qa4+ Kf7 14. Ng5+ Kg8 15. Re1 b5 16. Qxb5 Rb8 17. Qa4 Rb6 18. Ndf3 h6 19. Nh3 Bd6 20. Qc2 Qe8 21. Nf2 g6 22. Bd2 Kg7 23. Ne5 Nd7 24. Re3 Bxe5 25. fxe5 Qb8 26. Rg3 Nf8 27. Rb1 Nc7 28. Nh3 Rg8 29. Nf4 Kf7 30. Rf1 Rxb2 31. Nd3+ 1-0

[Event "EU Union-ch 4th"]
[Site "Liverpool"]
[Date "2008.09.14"]
[Round "6"]
[White "Vaznonis, Vytautas"]
[Black "Peacock, Malcolm R"]
[Result "0-1"]
[WhiteElo "2407"]
[BlackElo "2101"]
[PlyCount "76"]
[EventDate "2008.09.09"]
[EventType "swiss"]
[EventRounds "10"]
[EventCountry "ENG"]
[SourceTitle "CBM 126 Extra"]
[Source "ChessBase"]
[SourceDate "2008.11.05"]
[SourceVersion "1"]
[SourceVersionDate "2008.11.05"]
[SourceQuality "1"]

1. d4 Nf6 2. c4 c5 3. d5 e5 4. Nc3 d6 5. e4 Nbd7 6. Bd3 Be7 7. Nge2 h5 8. h3 h4 9. Be3 Nh5 10. Qd2 Nf8 11. a3 a6 12. b4 b6 13. Bc2 Ng6 14. Ba4+ Kf8 15. Rb1 Qc7 16. bxc5 bxc5 17. 0-0 Kg8 18. Rb2 Kh7 19. Rfb1 Bd8 20. Bc6 Ra7 21. Na2 f5 22. exf5 Bxf5 23. Rf1 Bf6 24. Qd1 Qc8 25. Ba4 e4 26. Rb6 Be5 27. Bc2 Bxh3 28. Bxe4 Bf5 29. Qd3 Bxe4 30. Qxe4 Nf6 31. Qf3 Rf8 32. Nac3 Ng4 33. Qh3 Raf7 34. Ne4 Kg8 35. Nxd6 Bxd6 36. Rxd6 Qf5 37. Bxc5 Re8 38. Nd4 Qxf2+ 0-1